[Event "Titled Tuesday intern op 21st Dec"]
[Site "Chess.com INT"]
[Date "2021.12.21"]
[Round "10"]
[White "Mirzoev, Azer"]
[Black "Senthil, Maran K"]
[Result "1-0"]
[WhiteElo "2420"]
[BlackElo "2220"]
[PlyCount "93"]
[EventDate "2021.12.21"]
[EventType "swiss (blitz)"]
[EventRounds "11"]
[EventCountry "USA"]
[SourceTitle "CBM 205 Extra"]
[Source "ChessBase"]
[SourceDate "2022.01.31"]
[SourceVersion "1"]
[SourceVersionDate "2022.01.31"]
[SourceQuality "1"]

1. d4 Nf6 2. Nf3 d5 3. Bf4 c5 4. e3 Nc6 5. c3 Qb6 6. Qb3 c4 7. Qc2 Bf5 8. Qc1 e6 9. Nbd2 Be7 10. Be2 h6 11. b3 cxb3 12. axb3 O-O 13. O-O Rfc8 14. Qb2 Qd8 15. Ne5 Nxe5 16. Bxe5 Bd6 17. Bxd6 Qxd6 18. Rfc1 a6 19. h3 Rc7 20. c4 a5 21. c5 Qc6 22. b4 b6 23. bxa5 bxa5 24. Qb5 Qxb5 25. Bxb5 Ne4 26. Nb3 Rca7 27. Bc6 Rc8 28. Rxa5 Rxa5 29. Nxa5 e5 30. Bxd5 exd4 31. exd4 Nf6 32. Bb7 Rc7 33. c6 Be4 34. Rc5 Bd5 35. f3 Kf8 36. Kf2 Ke7 37. h4 Kd6 38. g4 g5 39. h5 Re7 40. Ba6 Ne8 41. Bc4 Nc7 42. Bxd5 Nxd5 43. Nc4+ Ke6 44. Ne3 Nc7 45. Re5+ Kd6 46. Nf5+ Kxc6 47. Rxe7 1-0

[Event "Titled Tuesday intern op 21st Dec"]
[Site "Chess.com INT"]
[Date "2021.12.21"]
[Round "10"]
[White "Mkrtchian, Lilit"]
[Black "Nikulina, Alena"]
[Result "1-0"]
[WhiteElo "2378"]
[BlackElo "1923"]
[PlyCount "85"]
[EventDate "2021.12.21"]
[EventType "swiss (blitz)"]
[EventRounds "11"]
[EventCountry "USA"]
[SourceTitle "CBM 205 Extra"]
[Source "ChessBase"]
[SourceDate "2022.01.31"]
[SourceVersion "1"]
[SourceVersionDate "2022.01.31"]
[SourceQuality "1"]

1. e4 c5 2. Nc3 e6 3. Nge2 d5 4. exd5 exd5 5. d4 Nf6 6. g3 Nc6 7. Bg2 Be6 8. O-O Be7 9. dxc5 Bxc5 10. Bg5 O-O 11. Nf4 d4 12. Bxf6 Qxf6 13. Ne4 Qe7 14. Nxe6 fxe6 15. Qh5 Rf5 16. Qe2 Bb6 17. Bh3 Re8 18. Kh1 Rff8 19. f4 Kh8 20. a3 e5 21. f5 Nd8 22. Bg2 Qc7 23. Ng5 h6 24. Ne4 Nf7 25. f6 g5 26. Qh5 Kh7 27. Nd2 Rg8 28. Be4+ Kh8 29. Rf3 Qd6 30. Qxf7 Qf8 31. Qh5 Re6 32. Bd5 Qe8 33. Qxe8 Rexe8 34. f7 Ref8 35. fxg8=Q+ Rxg8 36. Bxg8 Kxg8 37. Ne4 Kg7 38. Raf1 Ba5 39. Rf7+ Kg6 40. g4 Bd8 41. Rd7 h5 42. Rxd8 hxg4 43. Rf6+ 1-0

[Event "Titled Tuesday intern op 21st Dec"]
[Site "Chess.com INT"]
[Date "2021.12.21"]
[Round "10"]
[White "Muromtsev, Arthur"]
[Black "Cagara, Paulina"]
[Result "1-0"]
[WhiteElo "2129"]
[BlackElo "2045"]
[PlyCount "85"]
[EventDate "2021.12.21"]
[EventType "swiss (blitz)"]
[EventRounds "11"]
[EventCountry "USA"]
[SourceTitle "CBM 205 Extra"]
[Source "ChessBase"]
[SourceDate "2022.01.31"]
[SourceVersion "1"]
[SourceVersionDate "2022.01.31"]
[SourceQuality "1"]

1. e4 c6 2. d4 d5 3. exd5 cxd5 4. Bd3 Nc6 5. c3 Nf6 6. h3 g6 7. Nf3 Bf5 8. O-O Bxd3 9. Qxd3 Bg7 10. Na3 a6 11. Nc2 O-O 12. Re1 e6 13. Ne3 b5 14. Ng4 Nxg4 15. hxg4 b4 16. g5 bxc3 17. bxc3 Na5 18. g3 Qc8 19. Kg2 Qc4 20. Qe3 Rac8 21. Bd2 Qa4 22. Qf4 Nc4 23. Rh1 h5 24. gxh6 e5 25. dxe5 Bxe5 26. Nxe5 Qe8 27. h7+ Kg7 28. Ng4 Qe4+ 29. Qxe4 dxe4 30. Bh6+ Kh8 31. Bxf8 Rxf8 32. Rad1 f5 33. Ne3 Nb2 34. Rd7 Nd3 35. Nd5 f4 36. Ne7 f3+ 37. Kg1 Ne5 38. Rd5 Rb8 39. Rxe5 Rb1+ 40. Kh2 Rxh1+ 41. Kxh1 e3 42. Rxe3 Kxh7 43. Rxf3 1-0

[Event "Titled Tuesday intern op 21st Dec"]
[Site "Chess.com INT"]
[Date "2021.12.21"]
[Round "10"]
[White "Nechaeva, Marina"]
[Black "Dilmukhametov, Artur"]
[Result "1-0"]
[WhiteElo "2384"]
[BlackElo "2293"]
[PlyCount "120"]
[EventDate "2021.12.21"]
[EventType "swiss (blitz)"]
[EventRounds "11"]
[EventCountry "USA"]
[SourceTitle "CBM 205 Extra"]
[Source "ChessBase"]
[SourceDate "2022.01.31"]
[SourceVersion "1"]
[SourceVersionDate "2022.01.31"]
[SourceQuality "1"]

1. d4 e5 2. dxe5 Nc6 3. Nf3 Qe7 4. Bf4 Qb4+ 5. Bd2 Qxb2 6. Nc3 Bb4 7. Rb1 Qxc3 8. Bxc3 Bxc3+ 9. Nd2 Nxe5 10. e3 Nf6 11. Bd3 d5 12. O-O O-O 13. h3 c6 14. Nf3 Nxf3+ 15. Qxf3 Be5 16. c4 b6 17. cxd5 cxd5 18. Rfc1 Be6 19. Bf5 Rac8 20. Bxe6 fxe6 21. Qe2 Ne4 22. Rxc8 Rxc8 23. Qa6 Rc7 24. f4 Bf6 25. Qa4 Kf7 26. Qd1 Nc3 27. Qh5+ Ke7 28. Re1 h6 29. a3 Ne4 30. Qg6 Rc3 31. f5 e5 32. Qh7 Rc8 33. Qg6 Rc3 34. a4 Rc4 35. Qh7 Rc8 36. Ra1 Ng5 37. Qg6 e4 38. Rd1 d4 39. h4 Nf7 40. Rxd4 Bxd4 41. Qe6+ Kd8 42. exd4 Rc7 43. Qxe4 Re7 44. Qa8+ Kd7 45. Qxa7+ Ke8 46. Qb8+ Nd8 47. Qxb6 Rd7 48. a5 Rb7 49. Qg6+ Kd7 50. Qxg7+ Kc8 51. Qxh6 Kb8 52. a6 Ra7 53. Qd6+ Kc8 54. f6 Rc7 55. Qb6 Nc6 56. f7 Rxf7 57. Qxc6+ Kd8 58. Qa8+ Ke7 59. Qb7+ Kf6 60. Qxf7+ Kxf7 1-0

[Event "Titled Tuesday intern op 21st Dec"]
[Site "Chess.com INT"]
[Date "2021.12.21"]
[Round "10"]
[White "Novikova, Galina"]
[Black "Girya, Olga"]
[Result "1-0"]
[WhiteElo "2073"]
[BlackElo "2416"]
[PlyCount "79"]
[EventDate "2021.12.21"]
[EventType "swiss (blitz)"]
[EventRounds "11"]
[EventCountry "USA"]
[SourceTitle "CBM 205 Extra"]
[Source "ChessBase"]
[SourceDate "2022.01.31"]
[SourceVersion "1"]
[SourceVersionDate "2022.01.31"]
[SourceQuality "1"]

1. e4 c6 2. d4 d5 3. exd5 cxd5 4. c4 Nf6 5. Nc3 g6 6. Qb3 Bg7 7. cxd5 O-O 8. Nge2 Na6 9. Nf4 Nc7 10. Be2 Rb8 11. O-O b5 12. a3 a6 13. Be3 Bb7 14. Bf3 g5 15. Nh5 Nxh5 16. Bxh5 Nxd5 17. Bxg5 Nxc3 18. bxc3 Bd5 19. Qd1 Rc8 20. Qd2 Kh8 21. Rfe1 Rc7 22. Bf4 Rc6 23. Re3 Rg8 24. Rg3 Bf6 25. Re1 Rxg3 26. hxg3 Qc8 27. Be5 Rxc3 28. Bxf6+ exf6 29. Qh6 Rc6 30. Qf4 Qd8 31. Bg4 Kg7 32. Bf5 h6 33. Qg4+ Kh8 34. Qh5 Qf8 35. g4 Rd6 36. Re3 Rd8 37. Rh3 Qg7 38. Qh4 Qg5 39. Qg3 Kg7 40. f4 1-0

[Event "Titled Tuesday intern op 21st Dec"]
[Site "Chess.com INT"]
[Date "2021.12.21"]
[Round "10"]
[White "Ocelak, Jakub"]
[Black "Estrada Nieto, Julian"]
[Result "1-0"]
[WhiteElo "2210"]
[BlackElo "2253"]
[PlyCount "117"]
[EventDate "2021.12.21"]
[EventType "swiss (blitz)"]
[EventRounds "11"]
[EventCountry "USA"]
[SourceTitle "CBM 205 Extra"]
[Source "ChessBase"]
[SourceDate "2022.01.31"]
[SourceVersion "1"]
[SourceVersionDate "2022.01.31"]
[SourceQuality "1"]

1. d4 d5 2. Bf4 Nf6 3. e3 c5 4. Nf3 Nc6 5. Nbd2 cxd4 6. exd4 Qb6 7. Nb3 Bf5 8. c3 e6 9. a4 a6 10. a5 Qd8 11. Bd3 Ne4 12. O-O Be7 13. Qe2 O-O 14. h3 h6 15. Bh2 Bg6 16. Ne5 Nxe5 17. Bxe5 Bd6 18. f3 Bxe5 19. fxe4 Bc7 20. e5 Bxd3 21. Qxd3 f5 22. Nc5 Qc8 23. b4 Bd8 24. c4 Be7 25. cxd5 exd5 26. Rac1 Bxc5 27. Rxc5 Qd7 28. Qf3 Rad8 29. Rfc1 Rf7 30. Qc3 f4 31. Rc7 Qf5 32. Rxf7 Qxf7 33. Qc7 Rd7 34. Qc8+ Kh7 35. Re1 f3 36. gxf3 Qg6+ 37. Kf1 Qf5 38. Re3 Qxh3+ 39. Ke2 Qh2+ 40. Kd3 Qh3 41. Qc2 Qf5+ 42. Kd2 Qxc2+ 43. Kxc2 Kg6 44. e6 Rc7+ 45. Kd3 Kf6 46. Re5 g6 47. f4 h5 48. Rxd5 Kxe6 49. Rg5 Kf6 50. d5 Rc1 51. Kd4 Rf1 52. Kc5 Rxf4 53. Rg2 h4 54. d6 h3 55. Rh2 Rf3 56. Kb6 Rd3 57. Kc7 g5 58. d7 Ke7 59. Re2+ 1-0

[Event "Titled Tuesday intern op 21st Dec"]
[Site "Chess.com INT"]
[Date "2021.12.21"]
[Round "10"]
[White "Ovetchkin, Roman"]
[Black "Timofeev, Artyom"]
[Result "0-1"]
[WhiteElo "2518"]
[BlackElo "2572"]
[PlyCount "88"]
[EventDate "2021.12.21"]
[EventType "swiss (blitz)"]
[EventRounds "11"]
[EventCountry "USA"]
[SourceTitle "CBM 205 Extra"]
[Source "ChessBase"]
[SourceDate "2022.01.31"]
[SourceVersion "1"]
[SourceVersionDate "2022.01.31"]
[SourceQuality "1"]

1. d4 Nf6 2. c4 b6 3. Nc3 Bb7 4. d5 e6 5. a3 exd5 6. cxd5 Bd6 7. g3 O-O 8. Bg2 Re8 9. Nh3 Na6 10. O-O Nc5 11. Bg5 h6 12. Bxf6 Qxf6 13. Rc1 Be5 14. Kh1 a5 15. Ng1 Ba6 16. Rc2 Bc4 17. Qb1 a4 18. Nd1 Bb3 19. Rd2 Bxd1 20. Rdxd1 Bxb2 21. Qa2 Qc3 22. Rb1 Bxa3 23. e3 Bb4 24. Ne2 Qa3 25. Qc2 Qd3 26. Qa2 Nb3 27. Nf4 Qf5 28. Rfd1 Bd6 29. Rb2 Bxf4 30. gxf4 Nc5 31. Rc2 d6 32. Rc4 Ra5 33. Rb4 Qd7 34. Kg1 Rb5 35. Rdb1 Rxb4 36. Rxb4 Qg4 37. Qb1 a3 38. Qa1 Ra8 39. h3 Qe2 40. f5 Nd3 41. Rg4 Qxf2+ 42. Kh2 Ne5 43. Rg3 Qxf5 44. e4 Qf4 0-1

[Event "Titled Tuesday intern op 21st Dec"]
[Site "Chess.com INT"]
[Date "2021.12.21"]
[Round "10"]
[White "Perez, Flavio"]
[Black "Kjartansson, Gudmundur"]
[Result "0-1"]
[WhiteElo "2272"]
[BlackElo "2460"]
[PlyCount "92"]
[EventDate "2021.12.21"]
[EventType "swiss (blitz)"]
[EventRounds "11"]
[EventCountry "USA"]
[SourceTitle "CBM 205 Extra"]
[Source "ChessBase"]
[SourceDate "2022.01.31"]
[SourceVersion "1"]
[SourceVersionDate "2022.01.31"]
[SourceQuality "1"]

1. e4 Nc6 2. Nf3 e5 3. Bc4 Nf6 4. d3 Bc5 5. c3 O-O 6. O-O d5 7. exd5 Nxd5 8. a4 a6 9. b4 Bb6 10. Qb3 Nde7 11. a5 Ba7 12. Be3 b5 13. axb6 cxb6 14. b5 Na5 15. Rxa5 bxa5 16. Nxe5 axb5 17. Qxb5 Bxe3 18. fxe3 Ba6 19. Bxf7+ Rxf7 20. Qb3 Qd5 21. Qxd5 Nxd5 22. Rxf7 Bxd3 23. Rd7 Bxb1 24. Rxd5 a4 25. Nc4 a3 26. Nxa3 Rxa3 27. c4 Rxe3 28. c5 Rc3 29. Rd8+ Kf7 30. Rc8 Be4 31. g3 Rc2 32. Kf1 h6 33. h4 Kg6 34. Rc7 Bd5 35. Ke1 Rc3 36. Kf2 Rf3+ 37. Ke2 Rxg3 38. Kd2 Rg4 39. Rd7 Be6 40. Rd6 Kf6 41. h5 Rg5 42. c6 Rxh5 43. Kd3 Rd5+ 44. Rxd5 Bxd5 45. c7 Bb7 46. Kd4 Bc8 0-1

[Event "Titled Tuesday intern op 21st Dec"]
[Site "Chess.com INT"]
[Date "2021.12.21"]
[Round "10"]
[White "Perez Gormaz, Matias Ariel"]
[Black "Terletsky, Oleg"]
[Result "1-0"]
[WhiteElo "2404"]
[BlackElo "2154"]
[PlyCount "73"]
[EventDate "2021.12.21"]
[EventType "swiss (blitz)"]
[EventRounds "11"]
[EventCountry "USA"]
[SourceTitle "CBM 205 Extra"]
[Source "ChessBase"]
[SourceDate "2022.01.31"]
[SourceVersion "1"]
[SourceVersionDate "2022.01.31"]
[SourceQuality "1"]

1. e4 e5 2. Nf3 Nc6 3. Bb5 a6 4. Ba4 Nf6 5. d3 b5 6. Bb3 Be7 7. O-O O-O 8. c3 d6 9. a4 Bb7 10. Bg5 h6 11. Bxf6 Bxf6 12. Na3 b4 13. Nc4 a5 14. Ne3 Ne7 15. Qc2 c5 16. Rad1 Rc8 17. Bc4 d5 18. exd5 Nxd5 19. Nxd5 Bxd5 20. Bxd5 Qxd5 21. Nd2 Bd8 22. Nc4 Bc7 23. Rfe1 f5 24. Qb3 Qf7 25. Nd2 Rcd8 26. Qxf7+ Kxf7 27. Nb3 Bb6 28. Rxe5 c4 29. Nc1 cxd3 30. Rxf5+ Kg6 31. Rxf8 Rxf8 32. Nxd3 bxc3 33. bxc3 Rc8 34. c4 Kf5 35. c5 Bxc5 36. Rc1 Bxf2+ 37. Kxf2 1-0

[Event "Titled Tuesday intern op 21st Dec"]
[Site "Chess.com INT"]
[Date "2021.12.21"]
[Round "10"]
[White "Plotnikov, Pavel"]
[Black "Wagh, Suyog"]
[Result "0-1"]
[WhiteElo "2297"]
[BlackElo "2210"]
[PlyCount "50"]
[EventDate "2021.12.21"]
[EventType "swiss (blitz)"]
[EventRounds "11"]
[EventCountry "USA"]
[SourceTitle "CBM 205 Extra"]
[Source "ChessBase"]
[SourceDate "2022.01.31"]
[SourceVersion "1"]
[SourceVersionDate "2022.01.31"]
[SourceQuality "1"]

1. e4 e5 2. Nf3 Nc6 3. Nc3 Nf6 4. g3 d5 5. exd5 Nxd5 6. Bg2 Nxc3 7. bxc3 Bc5 8. O-O O-O 9. d3 Bg4 10. Qe1 Re8 11. Nd2 f5 12. Nb3 Bf8 13. Bb2 Qd7 14. c4 e4 15. dxe4 fxe4 16. Qe3 a5 17. Bxe4 a4 18. Nd4 Ne5 19. Bd5+ Kh8 20. Qf4 c6 21. Nb5 Ng6 22. Qc7 cxb5 23. Qb6 bxc4 24. Qd4 Rad8 25. Qxc4 Be2 0-1

[Event "Titled Tuesday intern op 21st Dec"]
[Site "Chess.com INT"]
[Date "2021.12.21"]
[Round "10"]
[White "Popadic, Dragan"]
[Black "Osmak, Iulija"]
[Result "0-1"]
[WhiteElo "2143"]
[BlackElo "2419"]
[PlyCount "52"]
[EventDate "2021.12.21"]
[EventType "swiss (blitz)"]
[EventRounds "11"]
[EventCountry "USA"]
[SourceTitle "CBM 205 Extra"]
[Source "ChessBase"]
[SourceDate "2022.01.31"]
[SourceVersion "1"]
[SourceVersionDate "2022.01.31"]
[SourceQuality "1"]

1. e4 Nc6 2. d4 d6 3. Nf3 Bg4 4. Be2 Nf6 5. Nc3 e5 6. dxe5 dxe5 7. Bg5 Bb4 8. O-O Qxd1 9. Raxd1 Bxc3 10. bxc3 Nxe4 11. Be3 Nxc3 12. Rde1 Nxe2+ 13. Rxe2 Bxf3 14. gxf3 O-O-O 15. Rb1 a6 16. Kg2 Rd6 17. Ree1 Rhd8 18. h4 Rg6+ 19. Kh3 h5 20. f4 e4 21. f5 Rg4 22. Rbd1 Rxd1 23. Rxd1 Ne7 24. f6 gxf6 25. Bc5 Ng6 26. Rd5 Nf4+ 0-1

[Event "Titled Tuesday intern op 21st Dec"]
[Site "Chess.com INT"]
[Date "2021.12.21"]
[Round "10"]
[White "Quesada Perez, Yuniesky"]
[Black "Dreev, Alexey"]
[Result "1/2-1/2"]
[WhiteElo "2600"]
[BlackElo "2623"]
[PlyCount "94"]
[EventDate "2021.12.21"]
[EventType "swiss (blitz)"]
[EventRounds "11"]
[EventCountry "USA"]
[SourceTitle "CBM 205 Extra"]
[Source "ChessBase"]
[SourceDate "2022.01.31"]
[SourceVersion "1"]
[SourceVersionDate "2022.01.31"]
[SourceQuality "1"]

1. e4 c6 2. d4 d5 3. e5 Bf5 4. Nf3 e6 5. Be2 c5 6. c3 Nc6 7. Be3 cxd4 8. Nxd4 Nge7 9. f4 Nxd4 10. cxd4 Qb6 11. Nc3 a6 12. Qd2 h5 13. Na4 Qa7 14. Rc1 Nc6 15. Nc5 Bxc5 16. Rxc5 Be4 17. O-O Qb6 18. b4 h4 19. a3 Ne7 20. Rfc1 O-O 21. h3 f6 22. Bf2 Nf5 23. Bg4 fxe5 24. dxe5 Qd8 25. Rc7 Rf7 26. Bb6 Rxc7 27. Rxc7 Qe8 28. Bf2 Rc8 29. Qc1 Rxc7 30. Qxc7 d4 31. Qc4 Bd5 32. Qd3 Qc6 33. Bxf5 Qc1+ 34. Kh2 Qxf4+ 35. Kg1 exf5 36. Qxd4 Qxd4 37. Bxd4 Kf7 38. Be3 Ke6 39. Bf4 Be4 40. Kf2 Kd5 41. Bg5 Kxe5 42. Bxh4 Kd4 43. a4 Kc4 44. Be7 b6 45. a5 b5 46. h4 Kd5 47. g3 Ke6 1/2-1/2

[Event "Titled Tuesday intern op 21st Dec"]
[Site "Chess.com INT"]
[Date "2021.12.21"]
[Round "10"]
[White "Rodrigues Mota, Romulo Cardoso S"]
[Black "Winkels, Marcel"]
[Result "1-0"]
[WhiteElo "2027"]
[BlackElo "1979"]
[PlyCount "49"]
[EventDate "2021.12.21"]
[EventType "swiss (blitz)"]
[EventRounds "11"]
[EventCountry "USA"]
[SourceTitle "CBM 205 Extra"]
[Source "ChessBase"]
[SourceDate "2022.01.31"]
[SourceVersion "1"]
[SourceVersionDate "2022.01.31"]
[SourceQuality "1"]

1. e4 c5 2. Nf3 d6 3. d4 cxd4 4. Nxd4 Nf6 5. Nc3 a6 6. f3 e5 7. Nb3 Be6 8. Be3 Be7 9. Qd2 h5 10. O-O-O Nbd7 11. Kb1 Rc8 12. h4 b5 13. Rg1 Qc7 14. Be2 b4 15. Nd5 Nxd5 16. exd5 Bf5 17. Bd3 Bxd3 18. Qxd3 O-O 19. g4 a5 20. gxh5 a4 21. h6 Bf6 22. Nd2 Nc5 23. Bxc5 dxc5 24. Qf5 Qd6 25. Ne4 1-0

[Event "Titled Tuesday intern op 21st Dec"]
[Site "Chess.com INT"]
[Date "2021.12.21"]
[Round "10"]
[White "Sanchez, Roberto Daniel"]
[Black "Sadykov, Ramil"]
[Result "0-1"]
[WhiteElo "1970"]
[BlackElo "2345"]
[PlyCount "52"]
[EventDate "2021.12.21"]
[EventType "swiss (blitz)"]
[EventRounds "11"]
[EventCountry "USA"]
[SourceTitle "CBM 205 Extra"]
[Source "ChessBase"]
[SourceDate "2022.01.31"]
[SourceVersion "1"]
[SourceVersionDate "2022.01.31"]
[SourceQuality "1"]

1. e4 c5 2. Nf3 e6 3. d4 cxd4 4. Nxd4 Nf6 5. Nc3 Nc6 6. Ndb5 Bb4 7. a3 Bxc3+ 8. Nxc3 d5 9. exd5 exd5 10. Bd3 O-O 11. O-O d4 12. Ne2 Bg4 13. f3 Bh5 14. Nf4 Bg6 15. Nxg6 hxg6 16. Bd2 Re8 17. Re1 Qd6 18. Rxe8+ Rxe8 19. Qf1 Nd5 20. Re1 Ne3 21. Qf2 Re6 22. Bxe3 dxe3 23. Rxe3 Ne5 24. h3 Qb6 25. b3 Nxd3 26. Rxd3 Re1+ 0-1

[Event "Titled Tuesday intern op 21st Dec"]
[Site "Chess.com INT"]
[Date "2021.12.21"]
[Round "10"]
[White "Sarkar, Justin"]
[Black "Bonte, Andrei Mihai"]
[Result "1/2-1/2"]
[WhiteElo "2321"]
[BlackElo "2340"]
[PlyCount "118"]
[EventDate "2021.12.21"]
[EventType "swiss (blitz)"]
[EventRounds "11"]
[EventCountry "USA"]
[SourceTitle "CBM 205 Extra"]
[Source "ChessBase"]
[SourceDate "2022.01.31"]
[SourceVersion "1"]
[SourceVersionDate "2022.01.31"]
[SourceQuality "1"]

1. d4 e6 2. c4 f5 3. g3 Nf6 4. Bg2 c6 5. Nf3 d5 6. O-O Bd6 7. b3 Qe7 8. Bb2 O-O 9. Qc1 a5 10. Ba3 Bxa3 11. Nxa3 Na6 12. Qb2 Ne4 13. Ne5 Bd7 14. Rac1 Nb4 15. Nb1 Rfd8 16. a3 Na6 17. c5 Be8 18. f3 Nf6 19. Nc3 Nd7 20. f4 Nxe5 21. fxe5 Rdb8 22. Na4 Rd8 23. Nb6 Rab8 24. Qc3 Qg5 25. Rf4 Nc7 26. Qxa5 Nb5 27. Qb4 Bh5 28. a4 Nc7 29. Qe1 Qh6 30. h4 Bg4 31. b4 Qg6 32. Kh2 Qe8 33. Qf2 h6 34. Qe3 Qe7 35. Rff1 g5 36. hxg5 hxg5 37. Bf3 Bxf3 38. exf3 Kg7 39. Kg2 Rh8 40. Rh1 Na6 41. Qd2 Qf7 42. Rxh8 Rxh8 43. Rh1 Rxh1 44. Kxh1 Qh5+ 45. Kg2 g4 46. fxg4 fxg4 47. Qf4 Qh3+ 48. Kg1 Nxb4 49. Qf6+ Kh7 50. Qf7+ Kh8 51. Qe8+ Kh7 52. Qd7+ Kh8 53. Qc8+ Kh7 54. Qxb7+ Kg6 55. Qd7 Qxg3+ 56. Kf1 Qf3+ 57. Kg1 Qg3+ 58. Kf1 Qf3+ 59. Kg1 Qg3+ 1/2-1/2

[Event "Titled Tuesday intern op 21st Dec"]
[Site "Chess.com INT"]
[Date "2021.12.21"]
[Round "10"]
[White "Serikbay, Assel"]
[Black "Kett, Timothy"]
[Result "0-1"]
[WhiteElo "2263"]
[BlackElo "2136"]
[PlyCount "62"]
[EventDate "2021.12.21"]
[EventType "swiss (blitz)"]
[EventRounds "11"]
[EventCountry "USA"]
[SourceTitle "CBM 205 Extra"]
[Source "ChessBase"]
[SourceDate "2022.01.31"]
[SourceVersion "1"]
[SourceVersionDate "2022.01.31"]
[SourceQuality "1"]

1. e4 e5 2. Nf3 Nc6 3. Bb5 a6 4. Ba4 Nf6 5. O-O Nxe4 6. Re1 Nc5 7. Nxe5 Nxe5 8. Rxe5+ Be7 9. Bb3 Nxb3 10. axb3 d6 11. Re1 O-O 12. d4 d5 13. Nc3 Be6 14. Bf4 c5 15. Ne2 Qb6 16. Be3 Rac8 17. dxc5 Bxc5 18. Bxc5 Qxc5 19. Nd4 Bd7 20. c3 Rfe8 21. Qd2 Qd6 22. Qg5 h6 23. Qd2 Qg6 24. Ne2 Qf6 25. Qxd5 Bc6 26. Qd4 Qg5 27. Ng3 Rcd8 28. Qb6 h5 29. Rxe8+ Rxe8 30. h4 Qxh4 31. Qd4 Qg5 0-1

[Event "Titled Tuesday intern op 21st Dec"]
[Site "Chess.com INT"]
[Date "2021.12.21"]
[Round "10"]
[White "Sevgi, Volkan"]
[Black "Shkapenko, Pavel"]
[Result "0-1"]
[WhiteElo "2344"]
[BlackElo "2424"]
[PlyCount "82"]
[EventDate "2021.12.21"]
[EventType "swiss (blitz)"]
[EventRounds "11"]
[EventCountry "USA"]
[SourceTitle "CBM 205 Extra"]
[Source "ChessBase"]
[SourceDate "2022.01.31"]
[SourceVersion "1"]
[SourceVersionDate "2022.01.31"]
[SourceQuality "1"]

1. e4 e5 2. Nc3 Nf6 3. g3 Bc5 4. Bg2 Nc6 5. d3 d6 6. h3 Bd7 7. Nge2 Nd4 8. O-O h5 9. Bg5 Ne6 10. Bxf6 Qxf6 11. Nd5 Qd8 12. c3 c6 13. Ne3 h4 14. d4 Bb6 15. Nf5 hxg3 16. Nxd6+ Ke7 17. Nf5+ Kf8 18. fxg3 exd4 19. cxd4 Ng5 20. h4 Bxf5 21. Rxf5 Ne6 22. Qf1 f6 23. Kh2 Nxd4 24. Nxd4 Bxd4 25. e5 Qc7 26. Re1 Re8 27. exf6 Rxe1 28. Qxe1 Rxh4+ 29. Bh3 Bxf6 30. Kg2 Rd4 31. Rh5 g6 32. Qe6 Kg7 33. Rh7+ Kxh7 34. Qxf6 Rd2+ 35. Kf1 Rd8 36. Kg2 Qd6 37. Qh4+ Kg7 38. Bg4 Qd2+ 39. Kg1 Qc1+ 40. Kg2 Qxb2+ 41. Kh3 Rh8 0-1

[Event "Titled Tuesday intern op 21st Dec"]
[Site "Chess.com INT"]
[Date "2021.12.21"]
[Round "10"]
[White "Shahade, Gregory P"]
[Black "Sokolovsky, Yahli"]
[Result "1-0"]
[WhiteElo "2476"]
[BlackElo "2390"]
[PlyCount "89"]
[EventDate "2021.12.21"]
[EventType "swiss (blitz)"]
[EventRounds "11"]
[EventCountry "USA"]
[SourceTitle "CBM 205 Extra"]
[Source "ChessBase"]
[SourceDate "2022.01.31"]
[SourceVersion "1"]
[SourceVersionDate "2022.01.31"]
[SourceQuality "1"]

1. e4 g6 2. d4 Bg7 3. Nc3 d6 4. Nf3 a6 5. Bf4 b5 6. e5 d5 7. Bd3 Bg4 8. h3 Bxf3 9. Qxf3 e6 10. a4 b4 11. Na2 a5 12. Nc1 Nd7 13. Nb3 Ne7 14. O-O Nf5 15. Bxf5 gxf5 16. Qg3 Kf8 17. Bg5 Qc8 18. Qh4 h6 19. Be7+ Kg8 20. f4 Kh7 21. Rf3 Bf8 22. Rg3 Bxe7 23. Qxe7 Qe8 24. Qh4 Rg8 25. Rxg8 Qxg8 26. Rd1 Qd8 27. Qh5 Qe7 28. Rd3 Rg8 29. Nxa5 c5 30. Nc6 Qf8 31. a5 Rg6 32. a6 Qa8 33. Ne7 Rg7 34. Nxf5 exf5 35. Qxf5+ Kg8 36. Qxd7 Qxa6 37. Qxd5 Qa1+ 38. Kh2 c4 39. Qxc4 Qxb2 40. d5 Qc1 41. d6 b3 42. Qc8+ Kh7 43. Qf5+ Kg8 44. Rxb3 Qd2 45. Rb8# 1-0

[Event "Titled Tuesday intern op 21st Dec"]
[Site "Chess.com INT"]
[Date "2021.12.21"]
[Round "10"]
[White "Shtyka, Sergey"]
[Black "Shapiro, Daniel E"]
[Result "1/2-1/2"]
[WhiteElo "2154"]
[BlackElo "2284"]
[PlyCount "112"]
[EventDate "2021.12.21"]
[EventType "swiss (blitz)"]
[EventRounds "11"]
[EventCountry "USA"]
[SourceTitle "CBM 205 Extra"]
[Source "ChessBase"]
[SourceDate "2022.01.31"]
[SourceVersion "1"]
[SourceVersionDate "2022.01.31"]
[SourceQuality "1"]

1. e4 c5 2. Nf3 e6 3. d4 cxd4 4. Nxd4 a6 5. Nc3 Qc7 6. Bd3 Bd6 7. Be3 Bf4 8. Bxf4 Qxf4 9. Qf3 Qxf3 10. Nxf3 d6 11. e5 dxe5 12. Nxe5 Nd7 13. Nf3 Ngf6 14. O-O-O Nc5 15. Be2 b5 16. a3 Bb7 17. Ne5 Ke7 18. Bf3 Bxf3 19. Nxf3 Rhd8 20. h3 Rxd1+ 21. Rxd1 Rd8 22. Rxd8 Kxd8 23. Ne5 Ke7 24. f3 Nfd7 25. Nc6+ Kd6 26. Nd4 g6 27. Kd2 e5 28. Nde2 f5 29. b4 Ne6 30. a4 Kc6 31. axb5+ axb5 32. Ke3 Nb6 33. Kd3 Nc4 34. Nd1 Nd6 35. c3 e4+ 36. fxe4 Nxe4 37. c4 bxc4+ 38. Kxc4 Nd6+ 39. Kb3 Nb5 40. Kc4 Nd6+ 41. Kb3 Nb5 42. Ne3 Nbd4+ 43. Nxd4+ Nxd4+ 44. Kc4 Nb5 45. Nc2 Nd6+ 46. Kd4 Nf7 47. g3 g5 48. Ne3 f4 49. gxf4 gxf4 50. Nc2 Ng5 51. h4 Nf3+ 52. Ke4 Nxh4 53. Kxf4 Ng6+ 54. Kg5 Ne7 55. Kh6 Nd5 56. Kxh7 Nxb4 1/2-1/2

[Event "Titled Tuesday intern op 21st Dec"]
[Site "Chess.com INT"]
[Date "2021.12.21"]
[Round "10"]
[White "Tanenbaum, Zachary Chen"]
[Black "Postnikov, Daniil"]
[Result "1-0"]
[WhiteElo "2146"]
[BlackElo "2360"]
[PlyCount "54"]
[EventDate "2021.12.21"]
[EventType "swiss (blitz)"]
[EventRounds "11"]
[EventCountry "USA"]
[SourceTitle "CBM 205 Extra"]
[Source "ChessBase"]
[SourceDate "2022.01.31"]
[SourceVersion "1"]
[SourceVersionDate "2022.01.31"]
[SourceQuality "1"]

1. e4 e6 2. d4 d5 3. Nc3 Nf6 4. Bg5 Bb4 5. e5 h6 6. Bd2 Bxc3 7. bxc3 Ne4 8. Qg4 Kf8 9. Bd3 Nxd2 10. Kxd2 c5 11. h4 c4 12. Be2 Nc6 13. Nf3 Bd7 14. Rhb1 Rb8 15. h5 b5 16. Qf4 a5 17. a3 Qe7 18. g4 Kg8 19. g5 hxg5 20. Nxg5 f6 21. Nf3 Rxh5 22. Rg1 fxe5 23. Nxe5 Rf5 24. Nxc6 Rxf4 25. Nxe7+ Kf7 26. Ng6 Rxf2 27. Ne5+ Ke8 1-0